Statistics for Video Games that I know of

Click here to take the quiz!

General Stats

  • This quiz has been taken 14 times
  • The average score is 5 of 15

Answer Stats

HintAnswer% Correct
Commit crime and try to remain hidden from policeGta
100%
100 player battle royale (dance at the end)Fortnite
92%
C418Minecraft
69%
The cake is a lie!Portal
69%
W2S is known for playing ______!Fifa
38%
CAPTAIN LOOK!!!!!!!!!!!!Sea of thieves
31%
Wreak havoc on the different towns as an animalGoat Simulator
23%
Hikaru NakamuraChess
15%
We give you the tools and leave you to play.Garry's mod
8%
4 player online co-op psychological horrorPhasmophobia
8%
Shhhhhhhhhh!Among us
0%
You Are The Champion!Apex legends
0%
Drive at fast speeds and cause mass damageBeam.ng drive
0%
Aku and SilaBiped
0%
Use found physics weapons, tools, and objects to fight across dangerous playscapes and mysterious architecture.BONEWORKS
0%

Score Distribution

Percentile by Number Answered

Percent of People with Each Score

Your Score History

You have not taken this quiz